Сб. 86 : Проблемы школьного курса географии: [сборник]; Вопросы географии

Podrobná bibliografie
Parent link:Вопросы географии: [сборник]/ Географическое общество Союза ССР, Московский филиал. Сб. 86 : Проблемы школьного курса географии.— , 1946-1988
Další autoři: Саушкин Ю. Г. (редактор)
Jazyk:ruština
Vydáno: Москва, Мысль, 1971
Témata:
Médium: MixedMaterials Kniha
KOHA link:https://koha.lib.tpu.ru/cgi-bin/koha/opac-detail.pl?biblionumber=316123

MARC

LEADER 00000nam2a2200000 4500
001 316123
005 20231102002838.0
035 |a (RuTPU)RU\TPU\book\341561 
090 |a 316123 
100 |a 20160315d1971 k y0rusy50 ca 
101 0 |a rus 
102 |a RU 
105 |a a z 001zd 
200 0 |a Сб. 86 : Проблемы школьного курса географии  |e [сборник]  |f отв. ред. Ю. Г. Саушкин 
210 |a Москва  |c Мысль  |d 1971 
215 |a 216 с.  |c ил. 
320 |a Библиогр. в конце ст. 
461 1 |0 (RuTPU)RU\TPU\book\142639  |t Вопросы географии  |o [сборник]  |f Географическое общество Союза ССР, Московский филиал  |v Сб. 86 : Проблемы школьного курса географии  |d 1946-1988  |s Научные сборники московского филиала Географического общества Союза ССР 
600 1 |a Баранский  |b Н. Н.  |c русский экономико-географ  |f 1881-1963  |g Николай Николаевич  |2 stltpush  |3 (RuTPU)RU\TPU\pers\12643  |9 3602 
600 1 |a Барков  |b А. С.  |c географ  |f 1873-1953  |g Александр Сергеевич  |c доктор геологических наук, академик АПН РСФСР  |2 stltpush  |3 (RuTPU)RU\TPU\pers\44180 
600 1 |a Половинкин  |b А. А.  |c советский физико-географ, методист географии  |f 1887-1955  |g Александр Александрович  |2 stltpush  |3 (RuTPU)RU\TPU\pers\44181 
600 1 |a Кондаков  |b В. А.  |c известный уральский географ, педагог  |f 1886-1939  |g Вадим Александрович  |2 stltpush  |3 (RuTPU)RU\TPU\pers\44182 
600 1 |a Эрдели  |b В. Г.  |c специалист в области методики преподавания географии  |f 1886-1968  |g Владимир Георгиевич  |c кандидат педагогических наук, доцент  |2 stltpush  |3 (RuTPU)RU\TPU\pers\44183 
600 1 |a Калинин  |b Ф. П.  |c специалист в области преподавания географии, краевед  |f 1899-1963  |g Федор Павлович  |2 stltpush  |3 (RuTPU)RU\TPU\pers\44184 
606 1 |a География  |2 stltpush  |3 (RuTPU)RU\TPU\subj\5918  |9 33902 
606 1 |a Методика преподавания  |x Учебных предметов в общеобразовательной школе  |2 stltpush  |3 (RuTPU)RU\TPU\subj\43486  |9 62980 
610 1 |a землеведение 
610 1 |a ландшафтоведение 
610 1 |a динамическая география 
610 1 |a экономическая география 
610 1 |a картография 
610 1 |a факультативные курсы 
610 1 |a экскурсии 
610 1 |a олимпиады 
675 |a 91  |v 4 
686 |a Ч426  |v LBC/SL-A  |2 rubbk 
702 1 |a Саушкин  |b Ю. Г.  |4 340 
801 1 |a RU  |b 63413507  |c 20160315 
801 2 |a RU  |b 63413507  |c 20190809  |g RCR 
942 |c BK